Sports Quiz

Random Sports or Basketball Quiz

NBA Finals MVPs Quiz Stats

 Plays Quiz Updated Nov 29, 2018

Challenge
Share
Tweet
Embed
Score 0/50 Timer 07:00
102 Plays Today
Year Player % Correct
2012LeBron James
98.3%
2013LeBron James
98.2%
1991Michael Jordan
98.1%
1992Michael Jordan
98.1%
1993Michael Jordan
98.1%
1996Michael Jordan
98.1%
1997Michael Jordan
98.1%
1998Michael Jordan
98.1%
2016LeBron James
97.9%
2018Kevin Durant
96.6%
2000Shaquille O'Neal
96.2%
2001Shaquille O'Neal
96.2%
2002Shaquille O'Neal
96.2%
1999Tim Duncan
95.9%
2003Tim Duncan
95.9%
2005Tim Duncan
95.9%
2017Kevin Durant
95.7%
2006Dwyane Wade
94.3%
1980Magic Johnson
93.1%
1982Magic Johnson
93.1%
1987Magic Johnson
93.1%
2008Paul Pierce
92.6%
2007Tony Parker
92.3%
1984Larry Bird
91.5%
1986Larry Bird
91.5%
Year Player % Correct
2009Kobe Bryant
91.4%
1979Dennis Johnson
89.7%
2014Kawhi Leonard
89.2%
1985Kareem Abdul-Jabbar
86.3%
1971Lew Alcindor
85.3%
1990Isiah Thomas
84.3%
1994Hakeem Olajuwon
84.1%
1995Hakeem Olajuwon
84.1%
2015Andre Iguodala
82.5%
2004Chauncey Billups
81.8%
2010Kobe Bryant
81.7%
1969Jerry West
72.4%
2011Dirk Nowitzki
70.5%
1972Wilt Chamberlain
70.5%
1988James Worthy
63.7%
1989Joe Dumars
60.7%
1983Moses Malone
58.8%
1977Bill Walton
57.2%
1970Willis Reed
48.5%
1973Willis Reed
48.5%
1974John Havlicek
45.4%
1975Rick Barry
41.4%
1978Wes Unseld
37.7%
1981Cedric Maxwell
26.1%
1976Jo Jo White
23.2%

You're not logged in!

Compare scores with friends on all Sporcle quizzes.
OR
Log In

You Might Also Like...

Show Comments

Extras

Top Quizzes Today


Score Distribution

Your Account Isn't Verified!

In order to create a playlist on Sporcle, you need to verify the email address you used during registration. Go to your Sporcle Settings to finish the process.

Report this User

Report this user for behavior that violates our Community Guidelines.

Details: